000 00671nam a2200229Ii 4500
003 JO-AjNU
008 230605s9999||||xx |||||||||||||| ||und||
017 _a1978/2374
020 _a977-347-213-9
040 _aJO-AjNU
_bara
_erda
_cJO-AjNU
041 _aara
050 1 4 _aDS38.4.U45.K47 1978
100 3 _aخالد، خالد محمد,
_eauthor
_936674
245 0 0 _aبين يدي عمر
250 _aط7
264 3 1 _aالقاهرة: دارالمعارف، 1978
300 _a159ص
336 _atext
_btxt
_2rdacontent
337 _aunmediated
_bn
_2rdamedia
338 _avolume
_bnc
_2rdacarrier
650 4 _aالخليفة عمر بن الخطاب
_936675
999 _aA15258
_c18826
_d18826